Національно-культурна специфіка взаємодії вербальних та невербальних компонентів комунікації (Запис № 285339)

МАРК-запис
000 -LEADER
fixed length control field 02460nam a22001577a 4500
041 ## - LANGUAGE CODE
Language code of text/sound track or separate title ukr
080 ## - UNIVERSAL DECIMAL CLASSIFICATION NUMBER
Universal Decimal Classification number 09
090 ## - LOCALLY ASSIGNED LC-TYPE CALL NUMBER (OCLC); LOCAL CALL NUMBER (OCLC)
Local cutter number (OCLC) ; Book number/undivided call number, CALL (RLIN) ГОН
100 ## - MAIN ENTRY--PERSONAL NAME
Personal name Гончар, Т. М.
245 ## - TITLE STATEMENT
Title Національно-культурна специфіка взаємодії вербальних та невербальних компонентів комунікації
260 ## - PUBLICATION, DISTRIBUTION, ETC. (IMPRINT)
Place of publication, distribution, etc Острог
Name of publisher, distributor, etc КАФ
Date of publication, distribution, etc 2013
300 ## - PHYSICAL DESCRIPTION
Extent 71
520 ## - SUMMARY, ETC.
Summary, etc Вступ.<br/>Розділ І. Взаємозвязок вербальних і невербальних засобів спілкування.<br/>1.1. Особливості невербального спілкування<br/>1.2. Фізіологічний стан людини як одна з основ результативного спілкування<br/>1.3. Інтонація голосу і особливості лексики<br/>Розділ ІІ. Національно-культурна специфіка взаємодії вербальних і невербальних засобів комунікації.<br/>2.1. Національно-культурні особливості мовленнєвої поведінки<br/>2.2. Національна специфіка тлумачення найпоширеніших жестів<br/>2.3. Основи міжнародного етикету вербального і невербального спілкування<br/>Розділ ІІІ. Використання засобів невербальної комунікації в мистецтві та літературі.<br/>3.1. Візуальне та інформаційне мистецтво: гіперреалізм, концептуалізм, боді-арт, ленд-арт, акціонізм(хеппенінг та перфоманс)<br/>3.2. Мовна репрезентація невербальної поведінки героїв художнього твору та їх роль у тексті<br/>Розділ IV. Охорона праці. Удосконалення умов праці на підприємстві.<br/>4.1. Поняття та види умов праці<br/>4.2. Класифікація умов праці<br/>4.3. Удосконалення умов праці на підприємстві<br/>Висновки.<br/>Список використаної літератури.
-- комунікація, вербальне, невербальне
650 ## - SUBJECT ADDED ENTRY--TOPICAL TERM
Topical term or geographic name as entry element Research Papers
942 ## - ADDED ENTRY ELEMENTS (KOHA)
Koha item type Книги
Фонди
Withdrawn status Lost status Source of classification or shelving scheme Damaged status Not for loan Home library Current library Date acquired Source of acquisition Cost, normal purchase price Total Checkouts Full call number Barcode Date last seen Price effective from Koha item type
    Universal Decimal Classification     ВІЛ - Відділ іноземн. літератури НБ ВІЛ - Відділ іноземн. літератури НБ 12/06/2013 Акт №7 1.00   09 215277 09/11/2021 12/06/2013 Книги